Normale Ansicht MARC-Ansicht ISBD

The quest for an ideal youth in Putin's Russia / (Titelsatznr. 46380)

[ MARC ]
MARC-Details
000 -Satzkennung
Kontrollfeld mit fester Länge 00586nac a22002051ca4500
001 - Kontrollnummer
Kontrollfeld a987679186
008 - Feld mit fester Länge zur physischen Beschreibung - Allgemeine Angaben
Kontrollfeld mit fester Länge 170707s2014 gw |||| 000u eng d
041 ## - Sprachcode
Sprachcode des Textes/der Tonspur oder des separaten Titels eng
040 ## - Katalogisierungsquelle
Übertragungsstelle RU-10907106
003 - Kontrollnummer Identifier
Kontrollfeld RU-10907106
100 1# - Haupteintragung - Personenname
Personenname Mijnssen, Ivo
245 04 - Titel
Titel The quest for an ideal youth in Putin's Russia /
Verfasserangabe etc. Mijnssen, Ivo/Perovic, Jeronim
264 ## - Produktion, Veröffentlichung, Distribution, Herstellung und Urheberrechtsvermerk
Herstellungs-, Veröffentlichungs- Vertriebs-, Erzeugungsort Stuttgart :
Produzent, Herausgeber, Distributor, Hersteller Ibidem-Verl.,
Datum der Herstellung, der Veröffentlichung, des Vertriebs oder des Urheberschutzvermerks 2014
300 ## - Physische Beschreibung
Umfang 2 Bände
490 #0 - Gesamttitelangabe
Gesamttitelangabe Soviet and post-Soviet politics and society
651 #0 - Nebeneintragung unter einem Schlagwort - Geografischer Name
Geografischer Name Russische Föderation
700 1# - Nebeneintragung - Personenname
Personenname Perovic, Jeronim
Funktionsbezeichnung VerfasserIn
942 ## - Zusätzliche Felder (Koha)
Koha-Medientyp Monographien
Exemplare
Ausgeschieden Verloren Beschädigt Nicht entleihbar Heimatbibliothek Aufenthaltsbibliothek Aufstellungsort Erwerbungsdatum Inventarnummer Signatur Barcode Letzte Aktivität Preis gültig von Koha-Medientyp
        MWN Osteuropa MWN Osteuropa Magazin - 2 07/07/2017 17-00757 R 72 eg Mij 1 (Bde.) 46390 22/02/2021 22/03/2021 Monographien